|
|
|
|
| LEADER |
01191nam a2200337 a 4500 |
| 001 |
mzk03001053170 |
| 003 |
CZ BrMZK |
| 005 |
20070809115059.0 |
| 007 |
ta |
| 008 |
070809s1762 it fr|||||00| ||grcod |
| 040 |
|
|
|a BOA001
|b cze
|
| 041 |
0 |
|
|a grc
|a lat
|
| 072 |
|
7 |
|a 094
|x Staré tisky
|2 Konspekt
|9 12
|
| 080 |
|
|
|a (0.068)094
|2 MRF
|
| 100 |
0 |
|
|a Pindaros,
|d ca 522-ca 446 př. Kr.
|7 jn19990210493
|4 aut
|
| 245 |
1 |
0 |
|a Panta ta Pindaru sozomena Olympia, Pythia, Nemea, Isthmia. Omnia Pindari quae extant : Olympia, Pythia, Nemea, Isthmia :
|b Cum interpretatione latina.
|n Tomus II.
|
| 260 |
|
|
|a Venetiis :
|b Typis Gasparis Girardi,
|c 1762
|
| 300 |
|
|
|a 207 s. ;
|c 8°
|
| 500 |
|
|
|a Výzdoba: Iniciály, viněty, ozdobné linky
|
| 501 |
|
|
|a Přívazek k 1. dílu téhož titulu
|
| 546 |
|
|
|a Souběžný řecký a latinský text
|
| 655 |
|
7 |
|a staré tisky
|7 fd422076
|2 czenas
|
| 903 |
|
|
|a RP
|
| 910 |
|
|
|a BOA001
|b ST1-0080.025,1,přív.
|
| 978 |
|
|
|b Girardi, Gaspar
|a Venezia
|c 1762
|
| 984 |
|
|
|a Benátky
|b Itálie
|
| 985 |
|
|
|a 1751-1800
|
| 990 |
|
|
|a BK
|
| 993 |
|
|
|a Y
|
| 991 |
|
|
|k mzk
|
| 994 |
|
|
|a UP
|l MZK03
|b 001053169
|m přívazek
|n záznam 1. díla (pro objednání pokračujte kliknutím)
|